Top 50 highest ski resorts in Europe - Statistics

General Stats
  • This quiz has been taken 55 times
  • The average score is 14 of 50
Answer Stats
Country Highest mountain station Resort % Correct
Switzerland-Italy 3899 m Zermatt/Breuil-Cervinia/Valtournenche - Matterhorn
96%
France 3230 m Les 3 Vallées - Val Thorens/Les Menuires/Méribel/Courchevel
78%
Austria 3340 m Sölden
71%
France 3456 m Tignes/Val d'Isère
67%
Switzerland 3330 m 4 Vallées - Verbier/La Tzoumaz/Nendaz/Veysonnaz/Thyon
62%
France 3842 m Aiguille du Midi (Chamonix)
60%
France 3330 m Alpe d'Huez
56%
France 3226 m Les Arcs/Peisey-Vallandry (Paradiski)
51%
Switzerland 3057 m St. Moritz - Corviglia
51%
Austria 3250 m Hintertux Glacier (Hintertuxer Gletscher)
49%
France 3523 m Les 2 Alpes
49%
Russia 3847 m Mt. Elbrus
49%
Austria 3029 m Kitzsteinhorn/Maiskogel - Kaprun
44%
Austria 3440 m Pitztal Glacier (Pitztaler Gletscher)
44%
Austria 2989 m Grossglockner Heiligenblut
40%
Switzerland 3018 m Laax/Flims/Falera
38%
Austria 3212 m Stubai Glacier (Stubaier Gletscher)
36%
Austria 3030 m Gurgl - Obergurgl-Hochgurgl
33%
Austria 3113 m Kaunertal Glacier (Kaunertaler Gletscher)
33%
France 3167 m La Plagne (Paradiski)
33%
Switzerland 3573 m Saas-Fee
29%
Italy 3466 m Monte Bianco - Courmayeur
27%
Switzerland 3020 m Titlis - Engelberg
27%
Switzerland 2927 m Crans-Montana
22%
Austria 3122 m Moelltal Glacier (Mölltaler Gletscher)
22%
Italy 3269 m Arabba/Marmolada
20%
Spain 3300 m Sierra Nevada - Pradollano
20%
Italy 3275 m Alagna Valsesia/Gressoney-La-Trinité/Champoluc/Frachey (Monterosa Ski)
18%
Italy 3017 m Bormio - Cima Bianca
16%
France 3534 m La Grave - La Meije
16%
Switzerland 3006 m Diavolezza/Lagalb
11%
Switzerland 2961 m Gemsstock - Andermatt
11%
France 3000 m Bonneval sur Arc
9%
Switzerland 3016 m Glacier 3000 - Les Diablerets
9%
Switzerland 2874 m Grimentz/Zinal
9%
Italy 3450 m Passo dello Stelvio (Stelvio Pass)
9%
Italy 3000 m Ponte di Legno/Tonale/Presena Glacier/Temù (Pontedilegno-Tonale)
9%
Switzerland 2970 m Schilthorn - Mürren/Lauterbrunnen
9%
Switzerland 3200 m Hohsaas - Saas-Grund
7%
Italy 3000 m Pejo 3000
7%
Switzerland 3118 m Belalp - Blatten
4%
Switzerland 3303 m Corvatsch/Furtschellas
4%
Switzerland 3100 m Lauchernalp - Lötschental
2%
Italy 2900 m Macugnaga
2%
Switzerland 2980 m Saint Luc/Chandolin (Anniviers)
2%
Italy 3212 m Val Senales Glacier (Schnalstaler Gletscher)
2%
Russia 3168 m Dombay
0%
Russia 3260 m Mt. Cheget
0%
Italy 3250 m Sulden am Ortler (Solda all'Ortles)
0%
Italy 2948 m Valchiavenna - Madesimo/Campodolcino
0%
No matching quizzes found
Score Distribution
Percent of People with Each Score
Percentile by Number Answered
Your Score History
You have not taken this quiz